Luật thi đấu môn bơi
Giới thiệu luật bơi với các nội dung: Điều lệ của FINA - Liên đoàn các môn bơi quốc tế; các điều luật chung và quy chế trong thi đấu môn bơi. Giới thiệu các điều lệ của luật bơi; bơi trên mặt nước tự nhiên; luật bơi trung cao tuổi; lu...
Gardado en:
| Autor Corporativo: | |
|---|---|
| Formato: | Libro |
| Idioma: | Undetermined |
| Publicado: |
Hà Nội
Thể dục thể thao
2015
|
| Những chủ đề: | |
| Các nhãn: |
Engadir etiqueta
Sen Etiquetas, Sexa o primeiro en etiquetar este rexistro!
|
| Thư viện lưu trữ: | Trung tâm Học liệu Trường Đại học Cần Thơ |
|---|
| LEADER | 01061nam a2200217Ia 4500 | ||
|---|---|---|---|
| 001 | CTU_202688 | ||
| 008 | 210402s9999 xx 000 0 und d | ||
| 020 | |c 55000 | ||
| 082 | |a 797.21 | ||
| 082 | |b T455 | ||
| 110 | |a Tổng cục Thể dục thể thao | ||
| 245 | 0 | |a Luật thi đấu môn bơi | |
| 245 | 0 | |c Tổng cục Thể dục thể thao | |
| 260 | |a Hà Nội | ||
| 260 | |b Thể dục thể thao | ||
| 260 | |c 2015 | ||
| 520 | |a Giới thiệu luật bơi với các nội dung: Điều lệ của FINA - Liên đoàn các môn bơi quốc tế; các điều luật chung và quy chế trong thi đấu môn bơi. Giới thiệu các điều lệ của luật bơi; bơi trên mặt nước tự nhiên; luật bơi trung cao tuổi; luật về các phương tiện vật chất của môn thi bơi | ||
| 650 | |a Bơi lội,Swimming | ||
| 904 | |i Nguyên | ||
| 910 | |a Khoa | ||
| 980 | |a Trung tâm Học liệu Trường Đại học Cần Thơ | ||